[Event "Stay Safe Play From Home 197"]
[Site "T#646544Emanuel Laske"]
[Date "2020.06.03"]
[Round "1"]
[White "Broken sword"]
[Black "Haxhi Baha"]
[Result "1-0"]
[WhiteElo "2471"]
[BlackElo "1993"]
[Annotator "TA"]
[PlyCount "75"]
[EventDate "2020.06.03"]
[EventType "swiss (blitz)"]

{[%evp 9,75,-28,-25,-37,-18,-37,-9,-13,-6,-14,-15,-29,-12,-19,-12,-22,14,-37,20,8,12,-27,21,8,10,10,139,125,131,112,119,86,83,74,62,56,131,124,122,135,129,120,113,104,106,102,182,119,236,214,239,238,303,191,509,464,809,781,819,814,995,914,1131,736,29985,428,29996,29997]} 1. d4 d5 2. c3 e5 3. Nf3 e4 {[#]} 4. Ng1 $146 ({Predecessor:} 4. Ne5 f6 5. Ng4 Bxg4 6. h3 Bh5 7. Bf4 Bd6 8. Bxd6 Qxd6 9. Qb3 Ne7 10. Qxb7 {0-1 (21) Bashilin,V-Roth,M Griesheim 2002}) 4... f5 5. Bf4 Nf6 6. e3 {D00: 1 d4 d5: Unusual lines.} Bd6 7. Bg3 Qe7 8. c4 {The position is equal.} c6 9. Nc3 Bxg3 10. hxg3 Be6 11. cxd5 cxd5 12. Bb5+ Nc6 13. Nge2 ({Better is} 13. Bxc6+ $11 bxc6 14. Qd2) 13... h6 (13... Rc8 $15) 14. Nf4 Bf7 15. Qb3 Rd8 16. Rc1 g5 17. Nfe2 a6 (17... Rc8 $11 {remains equal.}) 18. Bxc6+ $1 $16 bxc6 19. Na4 $36 {[%mdl 2048] White has strong initiative.} Rc8 20. Nc5 a5 21. Qc3 O-O 22. b3 Ng4 {White now steadily converts the win.} (22... Ra8 $14) 23. Qxa5 Ra8 24. Qd2 Kg7 25. a4 Rfb8 26. Rc3 Ra7 27. Qc2 h5 {[#]} (27... Nf6 $16 {might work better.}) 28. Nc1 (28. f4 $1 $18) 28... h4 (28... Re8 $16 {was necessary.} 29. Ne2 Nf6) 29. gxh4 $18 gxh4 30. Ne2 Nf6 31. Nf4 Qd6 $2 {[#]} (31... Rh8 32. Qe2 Rh6) 32. Rxh4 Ng4 (32... Nd7 $142 33. Nxd7 Rxd7) 33. f3 Qf6 34. Rh1 Nh6 35. fxe4 fxe4 36. Qf2 Qg5 37. Qh4 (37. Nfe6+ $142 Bxe6 38. Nxe6+ {[%mdl 64] Discovered Attack} Kg8 39. Nxg5 Rf8 40. Qg3 Rf6 41. Nxe4+ Rg7 42. Nxf6+ Kf7 43. Qc7+ {[%mdl 64] Double Attack} Kg6 44. Qf4) 37... Ng4 (37... Qxh4+ $18 38. Rxh4 Nf5) 38. Qxg5+ {Accuracy: White = 69%, Black = 37%.} 1-0

[Event "Stay Safe Play From Home 197"]
[Site "T#646544Emanuel Laske"]
[Date "2020.06.03"]
[Round "1"]
[White "SoulofWolf"]
[Black "GIULIO19031975"]
[Result "1-0"]
[WhiteElo "2203"]
[BlackElo "1773"]
[Annotator "NA RC"]
[PlyCount "123"]
[EventDate "2020.06.03"]
[EventType "swiss (blitz)"]

1. d4 {[%emt 0:00:00]} d5 {[%emt 0:00:03]} 2. Nf3 {[%emt 0:00:00]} Nf6 {[%emt 0:00:01]} 3. Bg5 {[%emt 0:00:00]} e6 {[%emt 0:00:01]} 4. Nbd2 {[%emt 0:00:01]} Be7 {[%emt 0:00:01]} 5. e3 {[%emt 0:00:01]} Nbd7 {[%emt 0:00:01]} 6. Bd3 {[%emt 0:00:00]} c5 {[%emt 0:00:01]} 7. c3 {[%emt 0:00:00]} c4 {[%emt 0:00:01]} 8. Bc2 {[%emt 0:00:01]} h6 {[%emt 0:00:01]} 9. Bh4 {[%emt 0:00:01]} g5 {[%emt 0:00:01]} 10. Bg3 {[%emt 0:00:01]} g4 {[%emt 0:00:01]} 11. Ne5 {[%emt 0:00:01]} h5 {[%emt 0:00:01]} 12. h4 {[%emt 0:00:02]} Nxe5 {[%emt 0:00:01]} 13. Bxe5 {[%emt 0:00:01]} Bd6 {[%emt 0:00:02]} 14. f4 {[%emt 0:00:02]} Bxe5 {[%emt 0:00:01]} 15. dxe5 {[%emt 0:00:00]} Nd7 {[%emt 0:00:01]} 16. a4 {[%emt 0:00:01]} Qb6 {[%emt 0:00:01]} 17. Qe2 {[%emt 0:00:01]} Qxb2 {[%emt 0:00:01]} 18. Rd1 {[%emt 0:00:07]} Qxc3 {[%emt 0:00:01]} 19. O-O {[%emt 0:00:00]} Nc5 {[%emt 0:00:01]} 20. Bb1 {[%emt 0:00:01]} Qa5 {[%emt 0:00:01]} 21. Bc2 {[%emt 0:00:02]} Qb6 {[%emt 0:00:01]} 22. Rb1 {[%emt 0:00:02]} Qc7 {[%emt 0:00:01]} 23. a5 {[%emt 0:00:01]} Bd7 {[%emt 0:00:01]} 24. a6 {[%emt 0:00:01]} bxa6 {[%emt 0:00:01]} 25. f5 {[%emt 0:00:01]} exf5 {[%emt 0:00:02]} 26. Bxf5 {[%emt 0:00:01]} Bxf5 {[%emt 0:00:01]} 27. Rxf5 {[%emt 0:00:00]} Ne6 {[%emt 0:00:02]} 28. Rbf1 {[%emt 0:00:02]} Rf8 {[%emt 0:00:02]} 29. e4 {[%emt 0:00:01]} d4 {[%emt 0:00:01]} 30. Nxc4 {[%emt 0:00:04]} d3 {[%emt 0:00:01]} 31. Qxd3 {[%emt 0:00:01]} Rd8 {[%emt 0:00:01]} 32. Nd6+ {[%emt 0:00:00]} Rxd6 {[%emt 0:00:01]} 33. exd6 {[%emt 0:00:00]} Qb6+ {[%emt 0:00:01]} 34. Kh2 {[%emt 0:00:01]} Nc5 {[%emt 0:00:01]} 35. Re5+ {[%emt 0:00:03]} Kd7 {[%emt 0:00:01]} 36. Qd5 {[%emt 0:00:04]} Qxd6 {[%emt 0:00:02]} 37. Rxf7+ {[%emt 0:00:02]} Rxf7 {[%emt 0:00:02]} 38. Qxf7+ {[%emt 0:00:00]} Kc6 {[%emt 0:00:01]} 39. Qf5 {[%emt 0:00:04]} Nd3 {[%emt 0:00:01]} 40. Qxh5 {[%emt 0:00:03]} Nxe5 {[%emt 0:00:01]} 41. Kg1 {[%emt 0:00:01]} g3 {[%emt 0:00:01]} 42. Qe2 {[%emt 0:00:01]} Qd1+ {[%emt 0:00:00]} 43. Qxd1 {[%emt 0:00:01]} Ng4 {[%emt 0:00:02]} 44. Qc1+ {[%emt 0:00:00]} Kd6 {[%emt 0:00:01]} 45. Qg5 {[%emt 0:00:00]} Ne5 {[%emt 0:00:02]} 46. Qf4 {[%emt 0:00:01]} Ke6 {[%emt 0:00:01]} 47. Qxg3 {[%emt 0:00:00]} Nc4 {[%emt 0:00:01]} 48. Kh2 {[%emt 0:00:00]} Nd2 {[%emt 0:00:01]} 49. Qh3+ {[%emt 0:00:00]} Ke5 {[%emt 0:00:01]} 50. Qg3+ {[%emt 0:00:01]} Kxe4 {[%emt 0:00:00]} 51. Qg4+ {[%emt 0:00:01]} Ke3 {[%emt 0:00:01]} 52. h5 {[%emt 0:00:00]} Nf3+ {[%emt 0:00:00]} 53. Qxf3+ {[%emt 0:00:01]} Kd4 {[%emt 0:00:01]} 54. h6 {[%emt 0:00:00]} Kc5 {[%emt 0:00:01]} 55. h7 {[%emt 0:00:00]} Kb6 {[%emt 0:00:00]} 56. h8=Q {[%emt 0:00:00]} a5 {[%emt 0:00:00]} 57. Qb2+ {[%emt 0:00:00]} Ka6 {[%emt 0:00:00]} 58. Qa2 {[%emt 0:00:00]} a4 {[%emt 0:00:00]} 59. Qfa3 {[%emt 0:00:00]} Kb6 {[%emt 0:00:01]} 60. Qxa4 {[%emt 0:00:00]} a5 {[%emt 0:00:00]} 61. Qf4 {[%emt 0:00:00]} Kc6 {[%emt 0:00:00]} 62. Qfa4+ {[%emt 0:00:00] Tempo (Lag: Av=0.37s, max=1.4s)} 1-0

[Event "Stay Safe Play From Home 197"]
[Site "T#646544Emanuel Laske"]
[Date "2020.06.03"]
[Round "1"]
[White "Toosieslide"]
[Black "Trotsky"]
[Result "1-0"]
[WhiteElo "2178"]
[BlackElo "1579"]
[Annotator "TA"]
[PlyCount "51"]
[EventDate "2020.06.03"]
[EventType "swiss (blitz)"]

{[%evp 9,50,18,45,16,37,33,47,13,45,0,0,0,5,11,13,-12,165,86,293,287,817,794,912,910,1506,1481,1410,1414,1395,1203,1173,1038,1144,1133,1097,1068,1284,1272,1395,1361,29996,1501,29999]} 1. d4 d5 2. c4 e6 3. Nc3 c5 4. cxd5 exd5 5. Nf3 Be6 6. Bf4 {D32: Tarrasch Defence: Sidelines and lines without g3.} Nc6 7. e3 a6 {[#]} 8. Bd3 $146 {White is slightly better.} ({Predecessor:} 8. Be2 Bd6 9. Bxd6 Qxd6 10. dxc5 Qxc5 11. Nd4 Nxd4 12. exd4 Qd6 13. O-O Nf6 14. Bf3 {0-1 (27) Tallos,E (1847)-Lovas,M (1995) Hungary 2014}) 8... c4 (8... cxd4 {feels hotter.} 9. exd4 Bd6 10. Qd2 Nf6 11. O-O O-O) 9. Bc2 (9. Bxc4 $5 dxc4 10. d5 $14 {[%mdl 64] Double Attack}) 9... Bd6 10. Bxd6 Qxd6 11. O-O Nf6 12. Re1 Ng4 $2 {[#]} (12... O-O $11) 13. h3 (13. e4 $1 $18 {[%cal Re4d5]} O-O 14. h3 (14. Nxd5 Bxd5 15. exd5 Qxd5 $16)) 13... h5 $2 {[#]} (13... Nf6 $16) 14. e4 $1 $18 {[%cal Re4d5]} ({Don't take} 14. hxg4 $6 hxg4 15. Ng5 (15. Ne5 Nxe5 16. dxe5 Qxe5 $16) 15... Qh2+ 16. Kf1 Qh4 $16) 14... Qf4 $2 (14... dxe4 15. Bxe4 O-O-O) 15. exd5 {[%mdl 64] Pin} Nxd4 16. Qxd4 Qd6 17. dxe6 Qxd4 18. Nxd4 Nf6 19. exf7+ Kxf7 20. Bf5 Rae8 21. Be6+ {[%mdl 64] Double Attack} Kg6 22. Bxc4 Kh6 23. Nf5+ Kg5 24. Ne7 Rh6 25. g3 (25. Re5+ $142 Kh4 26. Bf1 Ne4 27. Nxe4 Rhh8 28. Ng6#) 25... Rf8 26. f4# {Accuracy: White = 52%, Black = 15%.} 1-0

[Event "Stay Safe Play From Home 197"]
[Site "T#646544Emanuel Laske"]
[Date "2020.06.03"]
[Round "1"]
[White "Lazieri3"]
[Black "Ahmet777"]
[Result "1-0"]
[WhiteElo "2023"]
[BlackElo "1674"]
[Annotator "NA RC"]
[PlyCount "29"]
[EventDate "2020.06.03"]
[EventType "swiss (blitz)"]

1. e4 {[%emt 0:00:02]} e5 {[%emt 0:00:36]} 2. Nc3 {[%emt 0:00:00]} d5 {[%emt 0:00:00]} 3. Nxd5 {[%emt 0:00:03]} Be6 {[%emt 0:00:03]} 4. Nc3 {[%emt 0:00:01]} Nc6 {[%emt 0:00:01]} 5. Bb5 {[%emt 0:00:01]} Bd7 {[%emt 0:00:01]} 6. d3 {[%emt 0:00:01]} Nb8 {[%emt 0:00:01]} 7. Bxd7+ {[%emt 0:00:01]} Nxd7 {[%emt 0:00:00]} 8. Nf3 {[%emt 0:00:00]} Ndf6 {[%emt 0:00:01]} 9. Bg5 {[%emt 0:00:00]} Be7 {[%emt 0:00:01]} 10. Nxe5 {[%emt 0:00:01]} Ng4 {[%emt 0:00:02]} 11. Bxe7 {[%emt 0:00:03]} Qxe7 {[%emt 0:00:02]} 12. Nxg4 {[%emt 0:00:01]} Qg5 {[%emt 0:00:02]} 13. Qf3 {[%emt 0:00:03]} Ne7 {[%emt 0:00:02]} 14. Nd5 {[%emt 0:00:02]} Ng6 {[%emt 0:00:03]} 15. Nxc7+ {[%emt 0:00:02] Ahmet777 terk eder (Lag: Av=0.40s, max=0.5s)} 1-0

[Event "Stay Safe Play From Home 197"]
[Site "T#646544Emanuel Laske"]
[Date "2020.06.03"]
[Round "1"]
[White "buzaglo"]
[Black "Mepe_Nika"]
[Result "0-1"]
[WhiteElo "1941"]
[BlackElo "2319"]
[Annotator "TA"]
[PlyCount "116"]
[EventDate "2020.06.03"]
[EventType "swiss (blitz)"]

{[%evp 13,116,-15,-11,-41,-28,-47,-35,-61,-12,-9,-8,-18,-18,-20,-15,-19,-27,-27,-18,-74,-37,-53,-15,-27,0,0,16,0,0,0,0,-86,-88,-75,-82,-305,-305,-585,-399,-728,-701,-698,-695,-855,-304,-485,-480,-1508,-18,-10,7,9,9,-55,0,-835,-843,-797,-808,-839,-831,-769,-720,-790,-649,-1453,-1321,-1370,-1303,-1203,-1662,-6100,-6100,-6083,-6083,-6089,-6075,-2119,-164,-164,-164,-164,-164,-29982,-29983,-29983,-29984,-29984,-29985,-29985,-29986,-29986,-29987,-29987,-29988,-29988,-29989,-29990,-29990,-29991,-29992,-29992,-29993,-29993,-29992]} 1. d4 d5 2. Nf3 c6 3. g3 Nf6 4. Bg2 Bf5 5. O-O e6 6. Nbd2 Be7 7. c4 h6 8. cxd5 {D11: Slav Defence: 3 Nf3 sidelines and 3...Nf6 4 e3 Bg4.} exd5 9. Nb3 O-O {[#]} 10. Bf4 $146 {Black is slightly better.} ({Predecessor:} 10. Nh4 Be6 11. Nc5 Bxc5 12. dxc5 b5 13. b4 a5 14. Bd2 axb4 15. Bxb4 Nbd7 16. a3 {0-1 (41) Agnew,G (1114)-Van Scheepen,F (1700) IECG email 2002}) 10... Bd6 11. Bxd6 Qxd6 12. Nh4 Bh7 13. Rc1 Nbd7 14. Nc5 Nxc5 15. dxc5 Qe7 16. b4 (16. e3 $11) 16... Rfe8 17. e3 Be4 18. Nf3 Bg6 19. Nd4 Be4 20. f3 Bg6 21. Re1 Nd7 22. e4 (22. Bf1 $11 {keeps the balance.}) 22... dxe4 $17 23. fxe4 Ne5 {aiming for ...Red8.} 24. a4 $2 (24. Qd2 $17 {was necessary.}) 24... Rad8 $19 25. Re3 $2 (25. Qd2 Qd7 26. Rcd1) 25... Rd7 26. Rc2 $2 (26. Bh3 Red8 27. Bxd7 Qxd7 28. b5) 26... Red8 27. Rd2 Qg5 28. Ree2 Ng4 $2 (28... Bh5 29. h4 Qxg3) 29. Nf3 (29. h4 $142 Qe5 {[%mdl 64] Double Attack} 30. Nf3 (30. Nxc6 $2 Rxd2 31. Qxd2 Rxd2 $19) 30... Rxd2 31. Rxd2 Rxd2 32. Qxd2 Qxg3 33. Qd8+ Kh7 34. Qd2) 29... Rxd2 30. Rxd2 (30. Nxd2 $142 Nxh2 31. Qe1) 30... Rxd2 $2 (30... Qe3+ $19 31. Kf1 Rxd2 32. Qxd2 Nxh2+ $1 {[%mdl 576] Deflection} 33. Nxh2 Qxd2) 31. Qxd2 $11 Qe3+ (31... Qe7 {keeps more tension.} 32. Qf4 Nf6 33. Qb8+ Qf8 34. Qxf8+ Kxf8 35. e5 Nd7) 32. Qxe3 Nxe3 33. Kf2 (33. Nd2 $11) 33... Nxg2 ({Better is} 33... Nc2 $15) 34. Kxg2 $2 {[%mdl 8192] White is now going downhill.} (34. Nd2 $11) 34... Bxe4 $19 35. Kf2 {[#]} Bxf3 $1 36. Kxf3 {[%mdl 4096] Endgame KP-KP} Kf8 37. Ke4 Ke7 38. Ke5 g6 39. g4 f6+ 40. Ke4 Ke6 41. h3 f5+ 42. gxf5+ gxf5+ 43. Kf4 Kf6 44. h4 h5 45. a5 a6 $2 (45... Ke6 46. a6 bxa6) 46. Kf3 Ke5 {Hoping for ...f4.} 47. Ke3 f4+ 48. Kf3 $2 (48. Ke2 $19 Ke4 49. Kf2) 48... Kf5 {Black mates.} 49. Kf2 Ke4 50. Ke2 {[#]} f3+ $1 51. Kf2 Kf4 52. Kf1 Kg3 53. Kg1 Kxh4 54. Kf2 Kg4 55. Kf1 Kg3 56. Kg1 f2+ 57. Kf1 h4 58. b5 cxb5 {Accuracy: White = 48%, Black = 67%.} 0-1

[Event "Stay Safe Play From Home 197"]
[Site "T#646544Emanuel Laske"]
[Date "2020.06.03"]
[Round "1"]
[White "EL sanbary"]
[Black "Little champs"]
[Result "0-1"]
[WhiteElo "1908"]
[BlackElo "2198"]
[Annotator "TA"]
[PlyCount "72"]
[EventDate "2020.06.03"]
[EventType "swiss (blitz)"]

{[%evp 9,72,26,33,50,63,76,51,70,61,43,48,63,58,-25,23,-18,-19,-37,-14,-37,29,12,31,0,16,0,8,2,4,-1,96,89,96,35,22,-255,-254,-354,-316,-527,-396,-699,-702,-616,-579,-656,-525,-542,-540,-2466,-2453,-2390,-2358,-2287,-1548,-29984,-29984,-29984,-29982,-29994,-29992,-29992,-29993,-29996,-1234]} 1. c4 e6 2. g3 d5 3. cxd5 Qxd5 4. Nf3 Nf6 5. Nc3 Qd8 6. Bg2 {A13: English Opening: 1...e6.} Be7 7. O-O O-O 8. d4 {White is slightly better.} c5 9. Bg5 Nc6 {[%cal Rc5d4,Bb8c6,Bc6b4,Bb4a2,Ba2c3][%mdl 32] [#]} 10. Bxf6 $146 ({Predecessor:} 10. dxc5 Nd7 11. Ne4 Bxg5 12. Nfxg5 h6 13. Nf3 Qe7 14. Rc1 Rd8 15. Qd6 Qe8 16. Qc7 Qe7 17. Rfd1 Nf8 18. Qxe7 Rxd1+ 19. Rxd1 Nxe7 20. Nd6 Neg6 21. h4 {1-0 (21) Oblitas Guerrero,C (2422)-Barros Tuapante,D (1363) Limon 2014}) 10... Bxf6 11. d5 ({Better is} 11. dxc5 $14 Qa5 12. Qb3) 11... Nb4 {[%cal Rb4d5]} 12. dxe6 Bxe6 13. Ne4 Bxb2 14. Rb1 Bf6 (14... Qxd1 $15 15. Rfxd1 Ba3 16. Nxc5 Bxa2) 15. Nxc5 Nxa2 16. Rxb7 Nc3 17. Qxd8 Raxd8 18. e3 Bc4 $36 {[%mdl 2048] Black has good play.} 19. Nd7 Rfe8 (19... Ba6 $11 20. Rxa7 Bxf1 21. Bxf1 Ra8) 20. Nxf6+ $16 gxf6 21. Re1 (21. Ra1 $16) 21... a5 $14 {[%cal Ba7a5,Ba5a4][%mdl 32]} 22. Nd4 $2 {[%mdl 8192] [#] Loses the game.} (22. Ra1 $11) 22... Rxd4 $1 $19 {[%mdl 576] Pin} 23. Ra7 (23. exd4 Rxe1+) 23... Rd2 24. Bf3 $2 (24. Rxa5 Bd3 25. Bf1) 24... Be2 25. Kg2 $2 (25. Bxe2 Nxe2+ 26. Kg2) 25... Bxf3+ 26. Kxf3 a4 27. Rc1 Rd3 28. Rc2 Rb8 29. Rd7 Rxd7 30. Rxc3 Rdb7 31. Ra3 Rb4 32. Rxa4 Rxa4 {Black mates.} 33. Kg2 Ra2 34. Kh3 Rbb2 35. g4 Rxf2 36. Kh4 Rxh2+ {Accuracy: White = 36%, Black = 66%.} (36... Rf3 $142 37. g5 Ra4+ 38. e4 Rxe4+ 39. Kh5 Rh3#) 0-1

[Event "Stay Safe Play From Home 197"]
[Site "T#646544Emanuel Laske"]
[Date "2020.06.03"]
[Round "1"]
[White "Matanant"]
[Black "Lamborghini"]
[Result "0-1"]
[WhiteElo "1649"]
[BlackElo "2211"]
[Annotator "TA"]
[PlyCount "64"]
[EventDate "2020.06.03"]
[EventType "swiss (blitz)"]

{[%evp 9,64,-63,-47,-69,-61,-137,-128,-146,-73,-58,-63,-146,-70,-131,-106,-127,-122,-112,-58,-112,-89,-585,-585,-1288,-1264,-29990,-1634,-29991,-1386,-29995,-29989,-29983,-29984,-29978,-29974,-29995,-29996,-29997,-29998,-29998,-29999,-29999,-29991,-29993,-29990,-29990,-29991,-29991,-29988,-29990,-29990,-29993,-3414,-29988,-29985,-29983,-29983]} 1. b3 e5 2. Bb2 Nc6 3. e4 Nf6 4. d3 Bc5 5. h3 O-O 6. Nf3 {A01: Nimzowitsch-Larsen Opening.} d5 7. exd5 (7. Nbd2 $15) 7... Nxd5 $17 {[#]} ({Much less strong is} 7... Qxd5 8. Nc3 $15) 8. Be2 $146 {Black is better.} ({Predecessor:} 8. Nxe5 Nxe5 9. Bxe5 Qe8 10. Qe2 Nf4 11. Bxf4 Qxe2+ 12. Bxe2 Bd4 13. c3 Bf6 14. O-O {1-0 (33) Marx,J-Dardaillon,M Neumuenster 2004}) 8... f6 (8... Nf4 $142 9. g3 Nxh3) 9. O-O Nf4 10. Nc3 {[#]} (10. Bc1 $15) 10... Qe8 ({Black should play} 10... Bxh3 $1 $17 11. gxh3 Nxh3+ 12. Kg2 (12. Kh2 Nxf2 13. Qe1 Ng4+ 14. Kh1 Ne3 $15) 12... Nf4+ 13. Kh1 Bd4) 11. Ne4 (11. Bc1 $15) 11... Bb6 {White must now prevent ...Qg6!} ({Reject} 11... Qg6 $6 12. Nh4 $11) 12. Ng3 Qg6 $40 {[%mdl 128] ( -> ...Qxg3). White is in trouble.} 13. Kh2 h5 (13... Be6 $17 14. Bc1 Qh6) 14. Nh4 (14. Bc1 $15) 14... Qg5 15. Bxh5 $2 {[%mdl 8192] White does not recover from this.} (15. Nf3 $17 {nothing else works.} Qh6 16. Ne4) 15... Qxh4 $19 16. Bf3 {[#]} Bxh3 $1 17. Nf5 (17. gxh3 Qxh3+) 17... Bxf5+ 18. Kg1 Qg3 (18... Kf7 $142 19. Bxe5 Nxe5 20. Bh5+ Nxh5 21. Qxh5+ Qxh5 22. Rfe1 Qh4 23. d4 Bxd4 {[%mdl 64] Double Attack} 24. Re3 Bxe3 25. Rf1 Ng4 26. Rd1 Qxf2+ {[%mdl 64] Double Attack} 27. Kh1 Rh8#) 19. Bxc6 bxc6 {[%csl Gf4][%cal Rg3g2]} 20. Qf3 Qxf3 21. gxf3 Kf7 22. c3 Rh8 23. d4 Rh6 24. Rfe1 Rg6+ 25. Kf1 Bd3+ 26. Re2 Rh8 {[%cal Rh8h1]} 27. Ke1 Bxe2 28. Kd2 Bxf3 29. Ke3 e4 30. c4 Ne6 (30... Ba5 $142 31. d5 c5 32. b4 Bxb4 33. Rg1 Rxg1 34. Bc3 Bxc3 35. Kxf4 Bd2+ 36. Kf5 Rh5#) 31. c5 {[#]} Nxc5 $1 32. b4 (32. dxc5 Bxc5+) 32... Ne6 {Accuracy: White = 29%, Black = 67%.} 0-1

[Event "Stay Safe Play From Home 197"]
[Site "T#646544Emanuel Laske"]
[Date "2020.06.03"]
[Round "1"]
[White "Edmatuag"]
[Black "Fischer_11"]
[Result "0-1"]
[WhiteElo "1648"]
[BlackElo "2085"]
[Annotator "NA RC"]
[PlyCount "52"]
[EventDate "2020.06.03"]
[EventType "swiss (blitz)"]

1. e4 {[%emt 0:00:02]} Nf6 {[%emt 0:00:00]} 2. e5 {[%emt 0:00:02]} Nd5 {[%emt 0:00:01]} 3. d4 {[%emt 0:00:00]} d6 {[%emt 0:00:01]} 4. c4 {[%emt 0:00:01]} Nb6 {[%emt 0:00:00]} 5. exd6 {[%emt 0:00:01]} cxd6 {[%emt 0:00:00]} 6. Bd3 {[%emt 0:00:03]} g6 {[%emt 0:00:00]} 7. Nf3 {[%emt 0:00:01]} Bg7 {[%emt 0:00:00]} 8. Nc3 {[%emt 0:00:01]} O-O {[%emt 0:00:00]} 9. Be3 {[%emt 0:00:01]} Nc6 {[%emt 0:00:00]} 10. h3 {[%emt 0:00:01]} Bg4 {[%emt 0:00:00]} 11. hxg4 {[%emt 0:00:02]} Rc8 {[%emt 0:00:01]} 12. d5 {[%emt 0:00:02]} Na5 {[%emt 0:00:01]} 13. Qe2 {[%emt 0:00:04]} Qc7 {[%emt 0:00:03]} 14. Rc1 {[%emt 0:00:02]} Qd7 {[%emt 0:00:06]} 15. Nb5 {[%emt 0:00:01]} a6 {[%emt 0:00:02]} 16. Bxb6 {[%emt 0:00:02]} axb5 {[%emt 0:00:02]} 17. Bxa5 {[%emt 0:00:01]} bxc4 {[%emt 0:00:01]} 18. Bxc4 {[%emt 0:00:02]} b5 {[%emt 0:00:01]} 19. Bxb5 {[%emt 0:00:02]} Rxc1+ {[%emt 0:00:02]} 20. Kd2 {[%emt 0:00:07]} Qa7 {[%emt 0:00:10]} 21. Kxc1 {[%emt 0:00:08]} Qxa5 {[%emt 0:00:02]} 22. Kb1 {[%emt 0:00:02]} Rb8 {[%emt 0:00:02]} 23. a4 {[%emt 0:00:02]} Qb4 {[%emt 0:00:03]} 24. Qd2 {[%emt 0:00:03]} Qxg4 {[%emt 0:00:01]} 25. Rg1 {[%emt 0:00:02]} Qf5+ {[%emt 0:00:02]} 26. Ka1 {[%emt 0:00:04]} Qe4 {[%emt 0:00:04] Time (Lag: Av=0.74s, max=2.9s) .} 0-1

[Event "Stay Safe Play From Home 197"]
[Site "T#646544Emanuel Laske"]
[Date "2020.06.03"]
[Round "2"]
[White "Broken sword"]
[Black "Toosieslide"]
[Result "0-1"]
[WhiteElo "2473"]
[BlackElo "2179"]
[Annotator "TA"]
[PlyCount "38"]
[EventDate "2020.06.03"]
[EventType "swiss (blitz)"]

{[%evp 12,38,30,-6,6,-52,-73,-438,-426,-432,-431,-509,-501,-502,-503,-575,-562,-575,-566,-586,-518,-897,-885,-1241,-1180,-983,-472,-29996,-29997]} 1. d4 d5 2. Nf3 Nf6 3. c4 c6 4. cxd5 cxd5 5. Nc3 Nc6 6. Bf4 Ne4 7. Qb3 Nxc3 {D13: Slav Defence: Exchange variation without ...Bf5.} 8. Qxc3 ({White should play} 8. bxc3 $11 e6 9. e3) 8... e5 $15 {[#]} 9. a3 $146 {[%mdl 8192] [#]} (9. Bd2 $17) ({Predecessor:} 9. Bd2 Bb4 10. Qe3 e4 11. a3 Bd6 12. Bc3 O-O 13. Nd2 f5 14. Nb3 Qb6 15. Bd2 a5 16. Qc3 a4 17. Nc5 Nxd4 18. Qxd4 Bxc5 19. Qe5 Bxf2+ {0-1 (19) Dussoye,N (1842)-Phillips,R (2186) Mauritius 2017}) 9... exf4 $19 {Black is clearly winning.} 10. g3 Bd6 11. gxf4 Bxf4 12. e3 Bd6 13. Bd3 Bg4 14. Be2 Rc8 15. Qd2 Qe7 16. b4 {[#]} (16. Rg1 $142 h5 17. Qd3) 16... Nxb4 $1 {Threatens to win with ...Nc2+.} 17. O-O (17. axb4 Bxb4) 17... Rc2 {...Bxf3 is the strong threat.} 18. Qd1 Bxf3 (18... Qf6 $142 {( -> ...Bxf3)} 19. Nd2 Bh3) 19. Bxf3 (19. Bb5+ $19 Nc6 20. Qxf3) 19... Qh4 {White did not feel at home in the position after the opening. Accuracy: White = 25%, Black = 91%.} 0-1